LEADER 00859nam a2200241 i 4500 001 000000148649 003 CaOOAMICUS 005 20060605000000.0 008 060605s2004 it u000 u ita u 013 $a125965 040 $aSeMil$bita 245 10$aDa Maksim Gorkij a Ian Fleming. 250 $aEd. fuori commercio. 300 $a254 p. :$bill. 500 $aDono del Card. Dionigi Tettamanzi. 700 1 $aRuspoli, Giulio.$0(OLS)http://semarc/name/7327 700 1 $aMinistro della Difesa.$0(OLS)http://semarc/name/7328 773 0 $tIntelligence nella letteratura.$d[S.l. : s.n.], [2003]?$w()15808 850 $aSeMil 852 $aSeMil$W1$xVenegono$y1$m1B VI 146$j101013$B101013$CSeMilBibl$Z2$F111687 $81 941 1 $a5 961 $aOmaggio: Tettamanzi Card. Dionigi 996 $6245$aDa Maksim Gorkij a Ian Fleming$9(OLS)http://semarc/title/217260 LEADER 00802nam a2200205 i 4500 001 000000098688 003 CaOOAMICUS 005 20180830171846.0 008 180830s1955 xx u000 u und u 013 $a70840 040 $aSeMil$bita 100 1 $aBiagini, Mario.$0(OLS)http://semarc/name/36855 245 13$aIl poeta solitario. Vita di Giovanni Pascoli. 260 $aMilano :$bMursia,$c1955. 600 14$aPascoli, Giovanni <1855-1912>.$0(OLS)http://semarc/subject/3013 650 4$aBiografie.$0(OLS)http://semarc/subject/2953 850 $aSeMil 852 $aSeMil$W1$xVenegono$y1$m58 27 7 *$j56434$B56434$CSeMilBibl$Z2$F66199 $81 996 $6245$aIl poeta solitario. Vita di Giovanni Pascoli$9(OLS)http://semarc/title/146506 996 $6260$aMilano :$bMursia$9(OLS)http://semarc/publisher/30230